Carthage /

محفوظ في:

المؤلف الرئيسي: Lapeyre, G. G. 1877-1982 (مؤلف)

التنسيق: كتاب

اللغة: French

منشور في: Paris : Henri Laurens, 1946.

الطبعة: New, connected revised edition.

سلاسل: Les visites d'art.

الموضوعات:

الوسوم: إضافة وسم

لا توجد وسوم, كن أول من يضع وسما على هذه التسجيلة!

رقم الطلب: DT168 .L5 1946

LEADER 00779nam a22002417a 4500
003 OSt
005 20260420160055.0
008 260420t1946 fr ef b 000 0 fre d
040 |c ARCE Library 
043 |a f-ti---  
050 1 4 |a DT168  |b .L5 1946 
100 1 |a Lapeyre, G. G.  |q (Gabriel Guillaume),  |d 1877-1982,  |e author  |9 34457 
245 1 0 |a Carthage /   |c par Gabriel-Guillaume Lapeyre. 
250 |a New, connected revised edition. 
264 1 |a Paris :  |b Henri Laurens,  |c 1946. 
300 |a 64 p. incl. 32 plates :   |b 1 plan ;   |c 25 cm. 
490 0 |a Les visites d'art. 
504 |a Bibliography : pages 63. 
651 0 |a Carthage (Extinct city)  |x Antiquities. 
651 0 |a Carthage (Extinct city)  |x Description and travel.  
901 |a reviewed 
942 |c BK  |2 lcc 
999 |c 14945  |d 14945